Ústup z dosiahnutých pozícií

Bibliographic Details
Main Author: Fejko, Štefan, 1949- (Author)
Format: Article
Language:Slovak
Subjects:

MARC

LEADER 00000nab a2200000 a 4500
001 vtls000008807
003 SK-MaSNL
005 20260303175410.0
008 140416c1978 xo 0 slo
015 |a SNBRB19rr/mm-uuuuu 
035 |a CL0018901 
040 |a SNKBUCL  |b slo  |c SNKBUCL  |e AACR2 
041 0 |a slo 
044 |a xo  |c SK 
080 |a 793.1  |2 1981 
100 1 |a Fejko, Štefan,  |d 1949-  |4 aut  |9 120424 
245 1 0 |a Ústup z dosiahnutých pozícií  |c Štefan Fejko 
611 1 7 |a Belopotockého Mikuláš  |n 18.  |d 1978  |c Liptovský Mikuláš, Slovensko  |2 snkbucl  |9 1203935 
650 0 7 |a ochotnícke divadlo  |2 snkbucl  |9 3349 
655 7 |a články z novín a časopisov  |2 snkbucl  |9 267496 
773 0 |t Javisko  |g Roč. 10, č. 8 (1978), s. 237 
850 |a Slovenská národná knižnica v Martine  |a MTA001 
852 |a SNK  |b KIS3GCP 
958 |a RK 
992 |a RBX 
999 |c 2101579  |d 2103509